Statistics for Plants vs Zombies Quiz 1

Click here to take the quiz!

General Stats

  • This quiz has been taken 906 times
  • The average score is 8 of 11

Answer Stats

HintAnswer% Correct
What is the first plant you get?Peashooter
98%
What is the name of the guy who guides you through the game?Crazy Dave
83%
What plant turns zombies on your side?Hypno-shroom
75%
What plant shoots peas in three lanes?Threepeater
74%
What level comes third?Pool
70%
What level comes first?Day
69%
What plant makes everything on his row turn to fire and die?Jalapeno
69%
What level comes second?Night
69%
What level comes fifth?Roof
69%
What level comes fourth?Fog
64%
What plant can protect your plants from bungee zombies?Umbrella-leaf
49%

Score Distribution

Percentile by Number Answered

Percent of People with Each Score

Your Score History

You have not taken this quiz